000 00408nam a2200169Ia 4500
001 12145
003 GE_BSU
008 181216s||||||||xx |||||||||||||| ||und||
040 _cGE_BSU
245 _aLe Point №2192. 18 Septembre 2014.
260 _aParis
260 _c2014
300 _a98p.27cm.
653 _aLe Point. №2192. 18 Septembre 2014.
653 _aპერიოდიკა
942 _cCR
999 _c45321
_d45321